Quiz sur le Gers - Statistiques

Statistiques générales
  • Ce quiz a été pris 453 fois
  • Le résultat moyen est 13 sur 20
Statistiques - réponses
Question Réponse % Correct
Numéro du département 32
98%
Préfecture et plus grande ville Auch
98%
Région Occitanie
98%
Départements limitrophes Haute-Garonne
88%
Landes
81%
Lot-et-Garonne
79%
Gentilé Gersois
77%
Hautes-Pyrénées
77%
Sous-préfectures Condom
75%
Tarn-et-Garonne
73%
Homme de guerre gersois ayant inspiré Alexandre Dumas pour l'un de ses personnages. D'Artagnan
66%
Eau-de-vie produite dans le nord-ouest du département. L'armagnac
66%
Pyrénées-Atlantiques
65%
Le Gers est le premier producteur français de cette fleur jaune. Tournesol
62%
Le Gers faisait parti de cette ancienne province française allant du nord de la Gironde aux Pyrénées. La Gascogne
54%
Mirande
54%
Celle de Flaran est le site le plus visité du Gers. L'abbaye
53%
Nombre d'habitants (arrondi à la dizaine de milliers d'habitants) 190 000 (191 091)
41%
En 2017, selon ce journal étranger, le Gers était ''The Most delicious corner of France'' (le coin le plus délicieux de France). The New York Times
27%
Celui de Lartigue est au patrimoine mondial de l'humanité. Le pont
13%
Aucun quiz correspondant
Distribution des résultats
% des personnes avec chaque résultat
Percentile par nombre de réponses
Votre historique - résultats
Vous n’avez pas pris ce quiz